00540nam a2200169 a 450000100100000000500170001000800410002702000150006804000250008324500560010826000330016430000450019749000410024250000210028370000250030483000410032900004340820201002040904.0140314s1991 sp acd 001 0 spa d a8403602057 aDO-SdBNPbspacBNPHU00aCultura y Modernidad /ceditado por Richard Maltby. aBarcelona :,cAguilarc1991. a269 p. :bil., gráf., retrs. ;c30 cm.1 aSiglo veinte, análisis histórico aIncluye índice12aMaltby, Richardeed. 0aSiglo veinte, análisis histórico